|
|
|
|
| LEADER |
00000nam a22000007a 4500 |
| 005 |
20170518111458.0 |
| 007 |
cr|||| |||| |
| 008 |
170518c20119999co |||| s|||| 0|||b1spa d |
| 022 |
|
|
|a 1692-343X
|
| 035 |
|
|
|a 14574
|
| 040 |
|
|
|a vLex
|
| 090 |
|
|
|c 6653
|d 6653
|
| 245 |
0 |
0 |
|a Quid
|h [Recurso electrn̤ico] :
|b Investigacin̤, Ciencia y Tecnologa̕
|
| 256 |
|
|
|a Servicio en ln̕ea
|
| 260 |
|
|
|a Medelln̕:
|b Institucin̤ Universitaria Salazar y Herrera,
|c 2011 -
|
| 300 |
|
|
|a 1 recurso electrn̤ico
|
| 310 |
|
|
|a Semestral
|
| 506 |
0 |
|
|a Contenido disponible en los productos indicados
|d vLex Global
|d vLex Global (Academic Edition, excluding Law Schools)
|d vLex Global (U.S. Academic Edition, Law Schools)
|d vLex Global (U.S. Academic Edition, excluding Law Schools)
|d vLex Global (Academic Edition, Law Schools) +
|
| 650 |
0 |
4 |
|a Investigacin̤ tecnolg̤ica
|z Colombia
|
| 650 |
0 |
4 |
|a Ciencia
|z Colombia
|
| 740 |
0 |
|
|a vLex Revistas (Servicio en ln̕ea)
|
| 856 |
4 |
0 |
|u http://vlex.com/source/quid-investigacion-ciencia-y-tecnologia-14574
|z Acceso restringido
|
| 942 |
|
|
|c REV
|
| 999 |
0 |
|
|a Technological research
|
| 999 |
0 |
|
|a Science
|